000 00860nam a2200277Ia 4500
001 Para_8500
003 CHAP
008 220125s9999 xx 000 0 und d
010 _a205807
040 _cCHAP
082 _aPA-C 595.752 A6
100 _aBaker, A.C.
_99525
245 _aNeotoxoptera violae, theo, and its allies /
_c by A.C. Baker
300 _a2 p.
440 _aAphidae; 17
_9171935
500 _aSobretiro de: Bul. Ent. Res. 10 (Pte. 1): 45-46, 1919. Encuadernado con otros impresos similares
650 _a
_x Afididos
_x Colecciones de escritos
_x Rhopalosipum
_9171936
710 _aBulletin of Entomological Research 10 (Pte. 1)
_9171937
901 _aPA-C 595.752 A6
902 _aA
905 _a000000 0000000000 00
910 _a
942 _cPARA
942 _cPARA
_d1
999 _c205807
_d205807